• 首页
  • 本馆介绍
  • 公告通知
  • 最新文献
  • 馆藏检索
  • 电子资源
  • 读者导购
  • 参考咨询
  • 我的图书馆
  • 登录
  • 详细信息显示
  • 放入我的书架
  • 预约/预借图书
  • 作者相关作品
  • 分类相关作品
  • 丛书相关作品
  • 出版社相关作品

书目信息

  • 表格格式
  • 工作单格式
  • 卡片格式
题名:
希望德育论
    
 
作者: 薛晓阳 著
分册:  
出版信息: 北京   人民教育出版社  2003
页数: 361页
开本: 24cm
丛书名: 当代德育新理论丛书
单 册:
中图分类: G412 , G41
科图分类:
主题词: 理想 , 理想--教育理论
电子资源:
ISBN: 7-107-17110-0
000 00957nam0 2200301 450
000 00960nam0 2200289 450
000 00893nam0 2200265 450
000 00857nam0 2200253 45
005 20070727101745.74
010 0  @a7-107-17110-0@dCNY34.40
100    @a20070706d2003 em y0chiy0120 ea
101 0  @achi
102    @aCN@b110000
105    @ay z 000yy
200 1  @a希望德育论@AXi Wang De Yu Lun@f薛晓阳著@FXue Xiao Yang Zhu
210    @a北京@c人民教育出版社@d2003
215    @a361页@d24cm
225 2  @a当代德育新理论丛书
300    @a教育部人文社会科学重点研究基地项目
330    @a本书按照希望的哲学内涵为主要线索,展开对道德教育的学术论辩,并在这一线索之下建立起具体的命题结构和叙述逻辑内容。
410  0 @12001 @a当代德育新理论丛
606 0  @a理想
606 0  @a理想@x教育理论
690    @aG412@v4
690    @aG41@v3
701  1 @a薛晓阳@AXue Xiao Yang@f(1958~)@4著
801  0 @aCN@bTAOJIN@c20070727
905    @a10447@dG41@e32
    
    希望德育论/薛晓阳著.-北京:人民教育出版社,2003
    361页;24cm.-(当代德育新理论丛书 )
    教育部人文社会科学重点研究基地项目
    
    ISBN 7-107-17110-0:CNY34.40
    本书按照希望的哲学内涵为主要线索,展开对道德教育的学术论辩,并在这一线索之下建立起具体的命题结构和叙述逻辑内容。
●
相关链接 在E读中查询图书 在五车中查询图书 在当当中查询图书 在豆瓣中查询图书


正题名:希望德育论     索取号:G41/32         预约/预借

序号 登录号 条形码 馆藏地/架位号 状态 备注
1 0820615   208206154   第一样本阅览室/ [索取号:G41/32] 在馆    
2 0820616   208206163   第四借阅区/ [索取号:G41/32] 在馆    
3 0820617   208206172   第四借阅区/ [索取号:G41/32] 在馆    
4 0820618   208206181   第四借阅区/ [索取号:G41/32] 在馆    
5 0820619   208206190   第四借阅区/ [索取号:G41/32] 在馆    
唐山师范学院图书馆 欢迎您!
大连网信软件有限公司© 版权所有